|
|
|
|
| LEADER |
00000nab a2200000 a 4500 |
| 001 |
vtls000076845 |
| 003 |
SK-MaSNL |
| 005 |
20260303021922.0 |
| 008 |
111103c1981 xo 0 slo |
| 015 |
|
|
|a SNBRB19rr/mm-uuuuu
|
| 035 |
|
|
|a CL0086946
|
| 040 |
|
|
|a SNKBUCL
|b slo
|c SNKBUCL
|e AACR2
|
| 041 |
0 |
|
|a slo
|
| 044 |
|
|
|a xo
|c SK
|
| 080 |
|
|
|a 791.43
|2 1981
|
| 080 |
|
|
|a 62
|2 1981
|
| 100 |
1 |
|
|a Kopecký, František
|4 aut
|9 498788
|
| 245 |
1 |
0 |
|a V službách služobníka pokroku
|b Rozhovor s Františkom Kopeckým, riaditeľom Techfilmu a námestníkom riaditeľa krátkeho filmu v Prahe
|c František Kopecký, Milan Kenda
|
| 650 |
0 |
7 |
|a filmy technické
|2 snkbucl
|9 1002321
|
| 650 |
0 |
7 |
|a Techfilm
|2 snkbucl
|9 1002322
|
| 655 |
|
7 |
|a články z novín a časopisov
|2 snkbucl
|9 267496
|
| 700 |
1 |
|
|a Kenda, Milan,
|d 1937-
|4 aut
|9 13417
|
| 773 |
0 |
|
|t Technické noviny
|g Roč. 29, č. 2 (1981), s. 18
|
| 850 |
|
|
|a Slovenská národná knižnica v Martine
|a MTA001
|
| 852 |
|
|
|a SNK
|b KIS3GCP
|
| 958 |
|
|
|a RK
|
| 992 |
|
|
|a RBX
|
| 999 |
|
|
|c 1625813
|d 1627743
|